Vista normal
Vista MARC
Entrada Meeting Name
Número de registros utilizados en: 1
001 - CONTROL NUMBER
- control field: 40607
003 - CONTROL NUMBER IDENTIFIER
- control field: OSt
005 - DATE AND TIME OF LATEST TRANSACTION
- control field: 20210917121422.0
008 - FIXED-LENGTH DATA ELEMENTS
- fixed length control field: 210917|| aca||aabn | a|a d
040 ## - CATALOGING SOURCE
- Original cataloging agency: OSt
- Transcribing agency: OSt
111 ## - HEADING--MEETING NAME
- Meeting name or jurisdiction name as entry element: Foro Nacional Loterías Monopolio Rentístico
- Date of meeting or treaty signing: (1995 :
- Location of meeting: Medellín)
670 ## - SOURCE DATA FOUND
- Source citation: Work cat.: (OSt)12494: Foro Nacional Loterías Monopolio Rentístico (1995 : Medellín), Memorias / , 1995